[Event "OP-2012-0-02284"]
[Site "LSS email"]
[Date "2012.07.07"]
[Round "?"]
[White "Ilyin, Igor"]
[Black "Panov, Oleg"]
[Result "1/2-1/2"]
[WhiteElo "1978"]
[BlackElo "2131"]
[PlyCount "58"]
[EventDate "2012.07.02"]
[EventType "tourn (corr)"]
[EventRounds "4"]
[EventCountry "GER"]
[SourceTitle "Telechess CBM 159"]
[Source "ChessBase"]
[SourceDate "2014.03.17"]
[SourceVersion "1"]
[SourceVersionDate "2014.03.17"]
[SourceQuality "1"]

1. e4 c6 2. d4 d5 3. Nc3 dxe4 4. Nxe4 Bf5 5. Ng3 Bg6 6. h4 h6 7. Nf3 Nd7 8. h5 Bh7 9. Bd3 Bxd3 10. Qxd3 Ngf6 11. Bf4 Qa5+ 12. Bd2 Qc7 13. 0-0-0 0-0-0 14. Qe2 e6 15. Ne5 Nb6 16. Ba5 c5 17. Kb1 cxd4 18. c3 d3 19. Rxd3 Bd6 20. Bxb6 axb6 21. Rh4 b5 22. Nf3 Bxg3 23. fxg3 Qxg3 24. Rdd4 Rxd4 25. Rxd4 Rd8 26. Qxb5 Rxd4 27. cxd4 Qd6 28. a3 Nd7 29. Ne5 Qxd4 1/2-1/2

[Event "OP-2012-0-02284"]
[Site "LSS email"]
[Date "2012.07.07"]
[Round "?"]
[White "Panov, Oleg"]
[Black "Khan, Valery"]
[Result "0-1"]
[WhiteElo "2131"]
[BlackElo "2066"]
[PlyCount "72"]
[EventDate "2012.07.02"]
[EventType "tourn (corr)"]
[EventRounds "4"]
[EventCountry "GER"]
[SourceTitle "Telechess CBM 159"]
[Source "ChessBase"]
[SourceDate "2014.03.17"]
[SourceVersion "1"]
[SourceVersionDate "2014.03.17"]
[SourceQuality "1"]

1. e4 c5 2. c3 d5 3. e5 Nc6 4. d4 cxd4 5. cxd4 Bf5 6. Nc3 e6 7. Be3 Bb4 8. Rc1 a6 9. Nf3 Nge7 10. Nh4 h6 11. Be2 Bh7 12. a3 Ba5 13. b4 Bb6 14. Na4 0-0 15. Nxb6 Qxb6 16. 0-0 Rfc8 17. Rc5 Be4 18. Re1 Qd8 19. Bf1 Na7 20. Qg4 Kf8 21. a4 Nac6 22. b5 axb5 23. axb5 Nb4 24. Rec1 Rxc5 25. Rxc5 Nd3 26. Rc3 Qa5 27. Bd2 Qxb5 28. Qd1 Qb2 29. Bxd3 Bxd3 30. Rc1 Qxd4 31. Be3 Qe4 32. Bc5 Ke8 33. h3 Nc6 34. Nf3 Be2 35. Qb3 b5 36. Bd6 Bc4 0-1